Malý slovník cudzích slov /
Guardado en:
| Autor principal: | |
|---|---|
| Formato: | Libro |
| Lenguaje: | eslovaco |
| Publicado: |
Bratislava :
Slovenské pedagogické nakladateľstvo,
1972
|
| Etiquetas: |
Sin Etiquetas, Sea el primero en etiquetar este registro!
|
MARC
| LEADER | 00000nam a22000003a 4500 | ||
|---|---|---|---|
| 001 | stu931 | ||
| 005 | 20150617225621.0 | ||
| 008 | 911220s1972----cs------------------slo-d | ||
| 040 | |a STU |b slo | ||
| 041 | 0 | |a slo | |
| 044 | |a cs | ||
| 080 | |a 801.316.3 | ||
| 100 | 1 | |a Ivanová-Šalingová, Mária |4 aut | |
| 245 | 1 | |a Malý slovník cudzích slov / |c [aut.] Ivanová-řalingová,Mária | |
| 260 | |a Bratislava : |b Slovenské pedagogické nakladateľstvo, |c 1972 | ||
| 300 | |a 617 s | ||
| 996 | |b E37495 |c E*37495 |l EE15 |s P |a 0 |w stu931_0001 | ||
| 996 | |c V*12318/O-3502 |l VV9 |s P |a 0 |w stu931_0002 | ||
| 996 | |b E34079 |c I*34079 |l II680 |s A |a 24 |w stu931_0003 | ||
| 996 | |b E38722 |c E*38722 |l EE05 |s P |a 0 |w stu931_0004 | ||